I Hope - Gabby Barrett (Lyrics) - Statistics

General Stats
  • This quiz has been taken 15 times
  • The average score is 312 of 482
Answer Stats
Answer % Correct
I,
100%
I
100%
a
91%
hope
91%
she
91%
you
91%
baby,
82%
he
82%
hear
82%
in
82%
me
82%
of
82%
on
82%
That
82%
that
82%
The
82%
the
82%
And
73%
and
73%
And,
73%
end
73%
makes
73%
middle
73%
one
73%
phone
73%
smile
73%
so
73%
song
73%
Then
73%
then
73%
about
64%
along
64%
cheats
64%
did
64%
feel
64%
her
64%
Like
64%
like
64%
made
64%
Oh,
64%
sing
64%
to
64%
way
64%
alone
55%
blur
55%
both
55%
driving
55%
ever
55%
every
55%
happy
55%
highway
55%
into
55%
know
55%
last
55%
night
55%
other
55%
your
55%
by
45%
comes
45%
Comes
45%
dime
45%
free
45%
friend
45%
friends
45%
hand
45%
miles
45%
plans
45%
put
45%
rock
45%
sparks
45%
spend
45%
Tell
45%
tell
45%
thinking
45%
turn
45%
Yeah
45%
Yeah,
45%
you're
45%
dreams
36%
drive
36%
everything
36%
felt
36%
gonna
36%
need
36%
never
36%
several
36%
she's
36%
She's
36%
than
36%
when
36%
wilder
36%
wildest
36%
wrecks
36%
calls
27%
for
27%
gets
27%
he's
27%
He's
27%
his
27%
kiss
27%
lean
27%
more
27%
spends
27%
all
18%
am
18%
babe,
18%
forget
18%
from
18%
him
18%
it
18%
just
18%
shows
18%
two
18%
up
18%
waiting
18%
again
9%
date
9%
first
9%
Forgive
9%
girl
9%
Hanging
9%
let
9%
out
9%
pic
9%
rub
9%
stay
9%
take
9%
work
9%
around
0%
goes
0%
now
0%
right
0%
same
0%
what
0%
No matching quizzes found
Score Distribution
Percent of People with Each Score
Percentile by Number Answered
Your Score History
You have not taken this quiz